[Event "Berlin Eckbauer op 19th"]
[Site "Berlin"]
[Date "2016.11.21"]
[Round "6"]
[White "Burger, Heinrich"]
[Black "Dziallas, Michael"]
[Result "1-0"]
[WhiteElo "2081"]
[BlackElo "1784"]
[PlyCount "73"]
[EventDate "2016.10.10"]
[EventType "swiss"]
[EventRounds "7"]
[EventCountry "GER"]
[SourceTitle "EXT 2022"]
[Source "ChessBase"]
[SourceDate "2021.10.06"]
[SourceVersion "1"]
[SourceVersionDate "2021.10.06"]
[SourceQuality "1"]

1. d4 Nf6 2. c4 g6 3. g3 c6 4. Bg2 d5 5. Nf3 Bf5 6. Nc3 dxc4 7. Ne5 Be6 8. e4 Bg7 9. 0-0 0-0 10. Bf4 Nh5 11. Be3 Nd7 12. Nf3 Nb6 13. a4 f5 14. Ng5 Bf7 15. a5 Nd7 16. exf5 Nhf6 17. Nxf7 Rxf7 18. fxg6 hxg6 19. Qc2 Nf8 20. Ne2 Nd5 21. Qxc4 e6 22. Bd2 Qf6 23. f4 Qf5 24. Rac1 a6 25. Nc3 Nf6 26. Rfe1 Qxa5 27. Ne4 Qb6 28. Ng5 Ng4 29. Bc3 Rd7 30. Rcd1 Re8 31. Nxe6 Kh8 32. Nxg7 Rxe1+ 33. Rxe1 Rxg7 34. Re8 Rg8 35. Qf7 Nh6 36. Qf6+ Kh7 37. Re7+ 1-0

[Event "Berlin Lieb Memorial 2nd"]
[Site "Berlin"]
[Date "2016.06.16"]
[Round "5"]
[White "Burger, Heinrich"]
[Black "Krusemark, Gerhard"]
[Result "1-0"]
[WhiteElo "2081"]
[BlackElo "1778"]
[PlyCount "55"]
[EventDate "2016.05.19"]
[EventType "swiss"]
[EventRounds "7"]
[EventCountry "GER"]
[SourceTitle "EXT 2022"]
[Source "ChessBase"]
[SourceDate "2021.10.06"]
[SourceVersion "1"]
[SourceVersionDate "2021.10.06"]
[SourceQuality "1"]

1. d4 Nf6 2. Nf3 g6 3. g3 Bg7 4. Bg2 0-0 5. c4 c6 6. 0-0 d5 7. b3 b6 8. Bb2 Ba6 9. Nbd2 Nbd7 10. Qc2 Rc8 11. e4 e6 12. Rfe1 Qc7 13. Rac1 Bb7 14. e5 Nh5 15. cxd5 exd5 16. e6 fxe6 17. Ng5 Rf6 18. Nxe6 Qd6 19. Nxg7 Nxg7 20. f4 Rcf8 21. Nf3 Re6 22. Ne5 Rfe8 23. Bh3 Nf5 24. Bxf5 gxf5 25. Qxf5 Qf8 26. Qxf8+ Nxf8 27. f5 R6e7 28. f6 1-0

[Event "Berlin-ch MT"]
[Site "Berlin"]
[Date "2016.04.03"]
[Round "9"]
[White "Burger, Heinrich"]
[Black "Parske, Uwe"]
[Result "1/2-1/2"]
[WhiteElo "2100"]
[BlackElo "2235"]
[PlyCount "130"]
[EventDate "2016.03.26"]
[EventType "swiss"]
[EventRounds "9"]
[EventCountry "GER"]
[SourceTitle "EXT 2022"]
[Source "ChessBase"]
[SourceDate "2021.10.06"]
[SourceVersion "1"]
[SourceVersionDate "2021.10.06"]
[SourceQuality "1"]

1. d4 Nf6 2. Nf3 g6 3. g3 Bg7 4. Bg2 0-0 5. c4 d5 6. cxd5 Nxd5 7. 0-0 c6 8. e4 Nb6 9. Nc3 Bg4 10. d5 cxd5 11. Nxd5 Nc6 12. Qb3 Bxf3 13. Qxf3 e6 14. Nc3 Qf6 15. Qxf6 Bxf6 16. Bh6 Rfd8 17. Rac1 a6 18. b3 Nd4 19. e5 Bxe5 20. Bxb7 Ra7 21. Bg2 Rc7 22. Rce1 Bg7 23. Bxg7 Kxg7 24. Ne2 Rc2 25. Nxd4 Rxd4 26. a4 Rb2 27. a5 Nd7 28. Rb1 Rxb1 29. Rxb1 Rb4 30. Bf1 Nc5 31. Bc4 Kf6 32. f3 Ke5 33. Kf2 Nb7 34. Ra1 Nc5 35. Rb1 Nb7 36. Ra1 Nc5 37. Re1+ Kd6 38. Rd1+ Ke7 39. Rb1 Kd6 40. Ke3 Nb7 41. Ra1 Nc5 42. Rd1+ Ke7 43. Kd4 Nxb3+ 44. Kc3 Ra4 45. Kxb3 Rxa5 46. f4 Rc5 47. Bxa6 h6 48. h4 Kf6 49. Bd3 e5 50. Rf1 exf4 51. Rxf4+ Kg7 52. Bc4 f5 53. Kb4 Re5 54. Rf3 h5 55. Rd3 Re4 56. Rd7+ Kf6 57. Rf7+ Ke5 58. Re7+ Kd4 59. Rd7+ Ke3 60. Rd3+ Kf2 61. Kc3 Re3 62. Rxe3 Kxe3 63. Bf7 Kf3 64. Bxg6 Kxg3 65. Bxf5 Kxh4 1/2-1/2

[Event "Berlin-ch MT"]
[Site "Berlin"]
[Date "2016.03.30"]
[Round "5"]
[White "Bukowski, Henryk"]
[Black "Burger, Heinrich"]
[Result "1-0"]
[WhiteElo "2163"]
[BlackElo "2100"]
[PlyCount "129"]
[EventDate "2016.03.26"]
[EventType "swiss"]
[EventRounds "9"]
[EventCountry "GER"]
[SourceTitle "EXT 2022"]
[Source "ChessBase"]
[SourceDate "2021.10.06"]
[SourceVersion "1"]
[SourceVersionDate "2021.10.06"]
[SourceQuality "1"]

1. e4 c5 2. Nf3 Nc6 3. Nc3 e5 4. Bc4 Be7 5. 0-0 Nf6 6. d3 0-0 7. a4 d6 8. h3 Be6 9. Re1 Bxc4 10. dxc4 h6 11. b3 a6 12. Nd2 Nh7 13. Nd5 Bg5 14. Nf1 Bxc1 15. Rxc1 g6 16. c3 Kg7 17. Rc2 Qg5 18. Ng3 Rad8 19. Rd2 Nf6 20. Nxf6 Qxf6 21. Qg4 Kh7 22. Red1 Na5 23. Rb2 b6 24. Qe2 Qe6 25. Rd5 f5 26. exf5 gxf5 27. Qd1 Rg8 28. Qd3 Rgf8 29. Kh1 Kh8 30. f3 Qg6 31. Kh2 Nc6 32. Rd2 e4 33. fxe4 Ne5 34. exf5 Qg5 35. Qe4 Rg8 36. Nf1 Nf7 37. f6 Qxf6 38. Rf5 Qg7 39. Rdf2 Ne5 40. g4 Rge8 41. Ng3 Ng6 42. Qd3 Ne5 43. Qd2 Re6 44. Nh5 Qe7 45. Nf4 Rg8 46. Rh5 Rf6 47. Nd5 Rxf2+ 48. Qxf2 Qg7 49. Qf6 Qxf6 50. Nxf6 Rf8 51. Rf5 Nd3 52. Ne4 Rxf5 53. gxf5 Nc1 54. Nxd6 Nxb3 55. Nc8 Nd2 56. Nxb6 Kg7 57. Kg3 Ne4+ 58. Kf4 Nxc3 59. a5 Kf7 60. Ke5 Ne2 61. Nd7 Nd4 62. Nxc5 Nc6+ 63. Kd5 Nxa5 64. Ne4 Nb7 65. c5 1-0

[Event "Berlin-ch MT"]
[Site "Berlin"]
[Date "2016.03.28"]
[Round "3"]
[White "Burger, Heinrich"]
[Black "Lachmann, Utz"]
[Result "1/2-1/2"]
[WhiteElo "2100"]
[BlackElo "2145"]
[PlyCount "54"]
[EventDate "2016.03.26"]
[EventType "swiss"]
[EventRounds "9"]
[EventCountry "GER"]
[SourceTitle "EXT 2022"]
[Source "ChessBase"]
[SourceDate "2021.10.06"]
[SourceVersion "1"]
[SourceVersionDate "2021.10.06"]
[SourceQuality "1"]

1. d4 f5 2. g3 Nf6 3. Bg2 g6 4. c4 Bg7 5. Nc3 d6 6. Nf3 0-0 7. 0-0 Nc6 8. d5 Na5 9. Qa4 c5 10. dxc6 Nxc6 11. Rd1 Qa5 12. Qb3 Kh8 13. Bd2 Qb4 14. Qxb4 Nxb4 15. Nb5 Nc6 16. Bc3 Ne4 17. Bxg7+ Kxg7 18. Nfd4 Bd7 19. Nc7 Nxd4 20. Rxd4 Rac8 21. Bxe4 Rxc7 22. Bf3 g5 23. b3 b6 24. Rad1 Rc5 25. R1d2 a5 26. a3 Be6 27. Bd5 Bxd5 1/2-1/2

[Event "Berlin-ch Seniors op 32nd"]
[Site "Berlin"]
[Date "2016.02.04"]
[Round "9"]
[White "Burger, Heinrich"]
[Black "Fleischer, Matthias"]
[Result "1-0"]
[WhiteElo "2086"]
[BlackElo "1903"]
[PlyCount "81"]
[EventDate "2016.01.26"]
[EventType "swiss"]
[EventRounds "9"]
[EventCountry "GER"]
[SourceTitle "EXT 2019"]
[Source "ChessBase"]
[SourceDate "2018.10.10"]
[SourceVersion "1"]
[SourceVersionDate "2018.10.10"]
[SourceQuality "1"]

1. d4 Nf6 2. Nf3 e6 3. c4 b5 4. cxb5 Bb7 5. g3 a6 6. bxa6 Nxa6 7. Bg2 c5 8. 0-0 Qb6 9. Nc3 Nb4 10. Na4 Qa7 11. Nxc5 Bxc5 12. dxc5 Qxc5 13. Be3 Qa5 14. a3 Nbd5 15. Bd4 0-0 16. Ne5 d6 17. Nc4 Qa6 18. b3 e5 19. Bb2 Ne8 20. e4 Ne7 21. Rc1 f5 22. exf5 Bxg2 23. Kxg2 Rxf5 24. Ne3 Qb7+ 25. Kg1 Rf3 26. Rc3 Rb8 27. Qe2 Rf8 28. b4 Kh8 29. Rd1 Nf5 30. Nxf5 Rxf5 31. Rdc1 Qf7 32. Rc8 Rxc8 33. Rxc8 Qd7 34. Qc2 g6 35. a4 h5 36. h4 Kh7 37. b5 d5 38. b6 d4 39. Qc6 Qxc6 40. Rxc6 Rf6 41. b7 1-0

[Event "Berlin-ch Seniors op 32nd"]
[Site "Berlin"]
[Date "2016.02.01"]
[Round "6"]
[White "Burchardt, Brigitte"]
[Black "Burger, Heinrich"]
[Result "1-0"]
[WhiteElo "2115"]
[BlackElo "2086"]
[PlyCount "57"]
[EventDate "2016.01.26"]
[EventType "swiss"]
[EventRounds "9"]
[EventCountry "GER"]
[SourceTitle "EXT 2019"]
[Source "ChessBase"]
[SourceDate "2018.10.10"]
[SourceVersion "1"]
[SourceVersionDate "2018.10.10"]
[SourceQuality "1"]

1. e4 c5 2. Nf3 Nc6 3. d4 cxd4 4. Nxd4 Nf6 5. Nc3 e6 6. Nxc6 bxc6 7. e5 Nd5 8. Ne4 Qc7 9. f4 Qb6 10. Bd3 Ba6 11. Bxa6 Qxa6 12. Qe2 Qxe2+ 13. Kxe2 f5 14. Ng5 h6 15. Nf3 c5 16. c4 Nb4 17. Rd1 0-0-0 18. a3 Nc6 19. Be3 Be7 20. b4 cxb4 21. axb4 Bxb4 22. Bxa7 Kc7 23. c5 Nxa7 24. Rxa7+ Kc6 25. Rd6+ Kxc5 26. Rc7+ Kb5 27. Nd4+ Ka4 28. Ra6+ Ba5 29. Rc4+ 1-0

[Event "Berlin-ch Seniors op 32nd"]
[Site "Berlin"]
[Date "2016.01.30"]
[Round "5"]
[White "Burger, Heinrich"]
[Black "Badestein, Hartmut"]
[Result "1-0"]
[WhiteElo "2086"]
[BlackElo "2033"]
[PlyCount "97"]
[EventDate "2016.01.26"]
[EventType "swiss"]
[EventRounds "9"]
[EventCountry "GER"]
[SourceTitle "EXT 2019"]
[Source "ChessBase"]
[SourceDate "2018.10.10"]
[SourceVersion "1"]
[SourceVersionDate "2018.10.10"]
[SourceQuality "1"]

1. d4 Nf6 2. c4 e6 3. g3 d5 4. Nf3 Be7 5. Bg2 0-0 6. 0-0 dxc4 7. Qc2 a6 8. a4 Ra7 9. Qxc4 b6 10. Nc3 Bb7 11. Rd1 b5 12. Qd3 b4 13. Nb1 a5 14. Nbd2 c5 15. dxc5 Bxc5 16. Ne4 Qxd3 17. Nxf6+ gxf6 18. exd3 Rd8 19. Be3 Bxe3 20. fxe3 Ba6 21. Rac1 Kg7 22. d4 Be2 23. Rd2 Bxf3 24. Bxf3 f5 25. Rdc2 Nd7 26. Rc7 Rxc7 27. Rxc7 Nb6 28. b3 Nd5 29. Bxd5 Rxd5 30. Kf2 Kf8 31. Ke2 f4 32. exf4 Rxd4 33. Rc5 Re4+ 34. Kd3 Re1 35. Rxa5 Rc1 36. Rb5 Rc3+ 37. Kd4 Rxb3 38. Kc4 Rb2 39. Rxb4 Rxh2 40. a5 Ra2 41. Kb5 Ke7 42. a6 Kd7 43. Kb6 Kc8 44. a7 f6 45. Rb5 e5 46. fxe5 fxe5 47. Rc5+ Kd7 48. Ra5 Rb2+ 49. Ka6 1-0

[Event "Berlin-ch Seniors op 32nd"]
[Site "Berlin"]
[Date "2016.01.28"]
[Round "3"]
[White "Burger, Heinrich"]
[Black "Schraepel, Manfred"]
[Result "1-0"]
[WhiteElo "2086"]
[BlackElo "1913"]
[PlyCount "71"]
[EventDate "2016.01.26"]
[EventType "swiss"]
[EventRounds "9"]
[EventCountry "GER"]
[SourceTitle "EXT 2019"]
[Source "ChessBase"]
[SourceDate "2018.10.10"]
[SourceVersion "1"]
[SourceVersionDate "2018.10.10"]
[SourceQuality "1"]

1. d4 d5 2. Nf3 Nf6 3. c4 c6 4. Qc2 e6 5. g3 Bd6 6. Bg2 Nbd7 7. Nbd2 0-0 8. 0-0 Re8 9. Rd1 b6 10. e4 dxe4 11. Nxe4 Nxe4 12. Qxe4 Bb7 13. Qc2 Nf8 14. c5 Be7 15. h4 Qc8 16. Bg5 b5 17. b4 f6 18. Bf4 Ng6 19. Be3 Nf8 20. Bh3 Qd8 21. Nd2 Qd5 22. Bg2 Qd7 23. Ne4 a6 24. Bf4 Ng6 25. Be3 Bf8 26. h5 Nh8 27. h6 Red8 28. hxg7 Kxg7 29. g4 h6 30. Ng3 Kg8 31. Be4 Qg7 32. Qe2 Nf7 33. Nh5 Qh8 34. f4 Re8 35. Qc2 Rad8 36. Bh7+ 1-0

[Event "GER-chT Seniors 24th"]
[Site "Berlin"]
[Date "2015.09.09"]
[Round "4.1"]
[White "Brauer, Christian E"]
[Black "Burger, Heinrich"]
[Result "1/2-1/2"]
[WhiteElo "2106"]
[BlackElo "2121"]
[PlyCount "56"]
[EventDate "2015.09.06"]
[EventType "team-swiss"]
[EventRounds "7"]
[EventCountry "GER"]
[SourceTitle "EXT 2018"]
[Source "ChessBase"]
[SourceDate "2017.10.13"]
[SourceVersion "1"]
[SourceVersionDate "2017.10.13"]
[SourceQuality "1"]
[WhiteTeam "Sachsen Seniors II"]
[BlackTeam "Hermsdorf Seniors"]
[WhiteTeamCountry "GER"]
[BlackTeamCountry "GER"]

1. c4 e5 2. g3 Nc6 3. Bg2 g6 4. Nc3 Bg7 5. d3 Nge7 6. e3 0-0 7. Nge2 d6 8. 0-0 Bg4 9. h3 Be6 10. Nd5 Qd7 11. Kh2 Nd8 12. Nxe7+ Qxe7 13. Nc3 f5 14. Qe2 Qf7 15. Bd2 e4 16. b3 exd3 17. Qxd3 Nc6 18. Rad1 Ne5 19. Qc2 c6 20. Bc1 Qe7 21. Bb2 Rad8 22. Rfe1 g5 23. f4 Ng6 24. Qe2 Rfe8 25. Qf2 Bc8 26. Kh1 h6 27. e4 gxf4 28. exf5 fxg3 1/2-1/2

[Event "GER-chT Seniors 24th"]
[Site "Berlin"]
[Date "2015.09.08"]
[Round "3.1"]
[White "Burger, Heinrich"]
[Black "Bondick, Karl Heinz"]
[Result "0-1"]
[WhiteElo "2121"]
[BlackElo "2045"]
[PlyCount "158"]
[EventDate "2015.09.06"]
[EventType "team-swiss"]
[EventRounds "7"]
[EventCountry "GER"]
[SourceTitle "EXT 2018"]
[Source "ChessBase"]
[SourceDate "2017.10.13"]
[SourceVersion "1"]
[SourceVersionDate "2017.10.13"]
[SourceQuality "1"]
[WhiteTeam "Hermsdorf Seniors"]
[BlackTeam "Sachsen Anhalt II"]
[WhiteTeamCountry "GER"]
[BlackTeamCountry "GER"]

1. d4 d5 2. Nf3 Nf6 3. g3 g6 4. Bg2 Bg7 5. 0-0 0-0 6. c4 c6 7. b3 Nbd7 8. Bb2 dxc4 9. bxc4 Nb6 10. Nbd2 Nfd7 11. Qc2 Qc7 12. c5 Nd5 13. e4 Nb4 14. Qb3 a5 15. a3 Na6 16. e5 e6 17. Rac1 Rb8 18. Bc3 b6 19. cxb6 Rxb6 20. Qa4 Rb5 21. Ne4 Nb6 22. Qc2 Rd5 23. Bd2 Bb7 24. Nd6 Nb8 25. Rb1 Ba6 26. Rfc1 f6 27. Bh3 fxe5 28. Bxe6+ Kh8 29. Bxd5 Qxd6 30. Bxc6 Nc4 31. Be4 Nxa3 32. dxe5 Bxe5 33. Bc3 Nd7 34. Nxe5 Nxe5 35. Qb2 Nac4 36. Qb3 Qf6 37. Bd4 Nd2 38. Qb2 Nef3+ 39. Kg2 Qxd4 40. Qxd4+ Nxd4 41. Rb6 Nxe4 42. Rxa6 Rxf2+ 43. Kh3 Nf3 44. Ra7 Nfg5+ 45. Kh4 Rxh2+ 46. Kg4 h5+ 47. Kf4 Rf2+ 48. Ke3 Rf3+ 49. Kd4 Rf8 50. Rc6 Nf6 51. Ke5 Ngh7 52. Ke6 Kg8 53. Rcc7 Re8+ 54. Kd6 Nf8 55. Rg7+ Kh8 56. Rgf7 Ne4+ 57. Kd5 Nxg3 58. Rxa5 Kg8 59. Raa7 Nf5 60. Rfb7 h4 61. Rb4 Nh7 62. Rb6 Ne7+ 63. Kd4 Kf7 64. Ke3 Nf6 65. Kf3 g5 66. Kg2 g4 67. Raa6 Ned5 68. Rb7+ Kg6 69. Ra5 Kf5 70. Rf7 Re5 71. Ra6 h3+ 72. Kg3 Re3+ 73. Kh2 Re2+ 74. Kg1 g3 75. Ra1 Ne3 76. Rg7 Neg4 77. Rf7 Kg6 78. Rf8 h2+ 79. Kh1 g2# 0-1

[Event "GER-chT Seniors 24th"]
[Site "Berlin"]
[Date "2015.09.07"]
[Round "2.1"]
[White "Krieger, Hermann"]
[Black "Burger, Heinrich"]
[Result "1-0"]
[WhiteElo "2206"]
[BlackElo "2121"]
[PlyCount "59"]
[EventDate "2015.09.06"]
[EventType "team-swiss"]
[EventRounds "7"]
[EventCountry "GER"]
[SourceTitle "EXT 2018"]
[Source "ChessBase"]
[SourceDate "2017.10.13"]
[SourceVersion "1"]
[SourceVersionDate "2017.10.13"]
[SourceQuality "1"]
[WhiteTeam "Rheinland Pfalz Seniors II"]
[BlackTeam "Hermsdorf Seniors"]
[WhiteTeamCountry "GER"]
[BlackTeamCountry "GER"]

1. e4 c6 2. d4 g6 3. Nc3 Bg7 4. Be3 d5 5. f3 dxe4 6. fxe4 Nf6 7. h3 Qb6 8. Qd2 Qxb2 9. Rb1 Qa3 10. Nf3 0-0 11. Bd3 Nh5 12. g4 Nf6 13. 0-0 Nfd7 14. Rb3 Qa5 15. Qf2 e5 16. d5 Na6 17. Bxa6 Qxa6 18. Ng5 Bh6 19. Qh4 Bxg5 20. Bxg5 Qc4 21. Be7 Qd4+ 22. Kh2 Qd2+ 23. Rf2 Qe3 24. Bxf8 Nxf8 25. Qf6 Bf5 26. Nd1 Qe1 27. gxf5 Qxd1 28. fxg6 Nxg6 29. Qxf7+ Kh8 30. Rxb7 1-0

[Event "Berlin Kreuzberg op"]
[Site "Berlin"]
[Date "2015.07.13"]
[Round "3"]
[White "Burger, Heinrich"]
[Black "Bruedigam, Martin"]
[Result "1/2-1/2"]
[WhiteElo "2088"]
[BlackElo "2350"]
[PlyCount "59"]
[EventDate "2015.07.11"]
[EventType "swiss"]
[EventRounds "9"]
[EventCountry "GER"]
[SourceTitle "CBM 167 Extra"]
[Source "ChessBase"]
[SourceDate "2015.09.14"]
[SourceVersion "1"]
[SourceVersionDate "2015.09.14"]
[SourceQuality "1"]

1. d4 Nf6 2. c4 e6 3. g3 Bb4+ 4. Bd2 Qe7 5. Nf3 Nc6 6. a3 Bxd2+ 7. Nbxd2 a5 8. Bg2 d6 9. 0-0 0-0 10. e3 Bd7 11. b3 e5 12. d5 Nb8 13. Qc2 Na6 14. Rab1 c6 15. dxc6 Bxc6 16. b4 axb4 17. axb4 b5 18. Rfc1 Rfb8 19. cxb5 Bxb5 20. Ng5 Ra7 21. Nde4 Ne8 22. Nf3 d5 23. Nc5 Rc7 24. Qd2 Nf6 25. Nxa6 Rxc1+ 26. Qxc1 Bxa6 27. Qc3 e4 28. Nd4 Bd3 29. Nc6 Qc7 30. Rc1 1/2-1/2

[Event "Berlin Lieb Memorial 1st"]
[Site "Berlin"]
[Date "2015.06.18"]
[Round "5"]
[White "Reichenbach, Werner"]
[Black "Burger, Heinrich"]
[Result "1-0"]
[WhiteElo "2211"]
[BlackElo "2088"]
[PlyCount "79"]
[EventDate "2015.05.21"]
[EventType "swiss"]
[EventRounds "7"]
[EventCountry "GER"]
[SourceTitle "EXT 2022"]
[Source "ChessBase"]
[SourceDate "2021.10.06"]
[SourceVersion "1"]
[SourceVersionDate "2021.10.06"]
[SourceQuality "1"]

1. e4 c5 2. Nf3 e6 3. d3 Nc6 4. g3 d6 5. Bg2 Be7 6. 0-0 Bf6 7. c3 Qb6 8. Nbd2 Nge7 9. Qe2 0-0 10. Re1 e5 11. Nc4 Qd8 12. a4 Be6 13. Bd2 Re8 14. Ng5 Bxg5 15. Bxg5 f6 16. Be3 d5 17. exd5 Bxd5 18. Bxc5 Bxg2 19. Bxe7 Rxe7 20. Kxg2 Qd5+ 21. Kg1 f5 22. Rad1 Rd8 23. b4 a6 24. a5 Qf7 25. f3 Qf6 26. Qe3 h5 27. Kh1 Qf7 28. Qg5 e4 29. Ne3 exf3 30. Rf1 g6 31. Rxf3 Ne5 32. Rxf5 Qg7 33. Rf6 Nf7 34. Rxf7 Qxf7 35. Rf1 Qe8 36. Nd5 Rxd5 37. Qxd5+ Kg7 38. Qf3 Kh6 39. Qf8+ Qxf8 40. Rxf8 1-0

[Event "GER-chT Seniors 23rd"]
[Site "Bergen"]
[Date "2014.09.04"]
[Round "4.3"]
[White "Schneider, Alexander"]
[Black "Burger, Heinrich"]
[Result "1/2-1/2"]
[WhiteElo "2061"]
[BlackElo "2097"]
[PlyCount "37"]
[EventDate "2014.09.01"]
[EventType "team-swiss"]
[EventRounds "7"]
[EventCountry "GER"]
[SourceTitle "EXT 2018"]
[Source "ChessBase"]
[SourceDate "2017.10.13"]
[SourceVersion "1"]
[SourceVersionDate "2017.10.13"]
[SourceQuality "1"]

1. Nf3 c5 2. e4 Nc6 3. d4 cxd4 4. Nxd4 Nf6 5. Nc3 e6 6. a3 Be7 7. Be2 0-0 8. 0-0 d5 9. exd5 Nxd5 10. Nxd5 Qxd5 11. Nxc6 Qxc6 12. Bf3 Qb6 13. c4 Rd8 14. Qc2 Bd7 15. b4 Bf6 16. c5 Qc7 17. Bb2 Bxb2 18. Qxb2 Bc6 19. Bxc6 1/2-1/2

[Event "Berlin Werner Ott op"]
[Site "Berlin"]
[Date "2014.07.08"]
[Round "4"]
[White "Oppermann, Peter"]
[Black "Burger, Heinrich"]
[Result "0-1"]
[WhiteElo "1951"]
[BlackElo "2101"]
[PlyCount "36"]
[EventDate "2014.07.05"]
[EventType "swiss"]
[EventRounds "9"]
[EventCountry "GER"]
[SourceTitle "CBM 161 Extra"]
[Source "ChessBase"]
[SourceDate "2014.08.29"]
[SourceVersion "1"]
[SourceVersionDate "2014.08.29"]
[SourceQuality "1"]

1. d4 Nf6 2. Nf3 d5 3. e3 g6 4. Bd3 Bg7 5. 0-0 0-0 6. b3 Nbd7 7. Nbd2 c5 8. Bb2 b6 9. Re1 Bb7 10. c4 e6 11. Qc2 Rc8 12. Rac1 cxd4 13. exd4 dxc4 14. bxc4 Qc7 15. Qd1 Rfd8 16. Bf1 Bh6 17. Qb3 Ng4 18. Rcd1 Bxd2 0-1

[Event "Zehlendorf op 14th"]
[Site "Berlin"]
[Date "2014.06.19"]
[Round "6"]
[White "Burger, Heinrich"]
[Black "Kalinitschew, Sergey"]
[Result "0-1"]
[WhiteElo "2078"]
[BlackElo "2439"]
[PlyCount "76"]
[EventDate "2014.05.08"]
[EventType "swiss"]
[EventRounds "7"]
[EventCountry "GER"]
[SourceTitle "EXT 2023"]
[Source "ChessBase"]
[SourceDate "2022.10.05"]
[SourceVersion "1"]
[SourceVersionDate "2022.10.05"]
[SourceQuality "1"]

1. d4 Nf6 2. Nf3 g6 3. g3 c5 4. c3 Na6 5. Bg2 Bg7 6. 0-0 0-0 7. Re1 d5 8. Nbd2 Bf5 9. dxc5 Nxc5 10. Nb3 Nce4 11. Ne5 Qc7 12. Nd3 Rad8 13. Bf4 Qc8 14. Be5 a6 15. Nd4 Bh3 16. Bh1 Bd7 17. Nf3 Bg4 18. Bg2 Nd6 19. Bxd6 Rxd6 20. Nde5 h5 21. h4 Bf5 22. Nd4 Be4 23. Kh2 Bxg2 24. Kxg2 Ne4 25. Ndf3 Qf5 26. Nd3 e5 27. Rf1 Re8 28. Qb3 Re7 29. Rad1 Nf6 30. Nc5 Qc8 31. Qa3 Qc6 32. Kg1 Ng4 33. Ne4 Rdd7 34. Neg5 f6 35. Nh3 Bf8 36. Qb3 Kg7 37. Qc2 d4 38. Qb3 d3 0-1

[Event "Berlin-ch Seniors op 30th"]
[Site "Berlin"]
[Date "2014.02.05"]
[Round "7"]
[White "Rahls, Peter"]
[Black "Burger, Heinrich"]
[Result "1-0"]
[WhiteElo "2169"]
[BlackElo "1961"]
[PlyCount "59"]
[EventDate "2014.01.30"]
[EventType "swiss"]
[EventRounds "9"]
[EventCountry "GER"]
[SourceTitle "EXT 2018"]
[Source "ChessBase"]
[SourceDate "2017.10.13"]
[SourceVersion "1"]
[SourceVersionDate "2017.10.13"]
[SourceQuality "1"]

1. e4 c5 2. c3 Qa5 3. Nf3 Nc6 4. Bc4 e6 5. 0-0 b5 6. Bb3 c4 7. Bc2 Qc7 8. d4 cxd3 9. Bxd3 Rb8 10. Re1 d6 11. a4 b4 12. Bb5 a6 13. Bxc6+ Qxc6 14. cxb4 Rxb4 15. Nc3 Nf6 16. Bg5 Be7 17. Bxf6 gxf6 18. Rc1 Qb7 19. b3 Rg8 20. Na2 Rb6 21. Nd4 a5 22. Nc3 Bd7 23. Ncb5 Bc6 24. Qc2 Kd7 25. Nxc6 Rxc6 26. Qd2 Rxc1 27. Rxc1 Qxe4 28. g3 Qb4 29. Rc7+ Kd8 30. Qc1 1-0

[Event "Berlin Lichtenberger op 12th"]
[Site "Berlin"]
[Date "2013.08.25"]
[Round "9"]
[White "Burger, Heinrich"]
[Black "Halli, Gerhard"]
[Result "1-0"]
[WhiteElo "2120"]
[BlackElo "1938"]
[PlyCount "41"]
[EventDate "2013.08.17"]
[EventType "swiss"]
[EventRounds "9"]
[EventCountry "GER"]
[SourceTitle "CBM 156 Extra"]
[Source "ChessBase"]
[SourceDate "2013.10.22"]
[SourceVersion "1"]
[SourceVersionDate "2013.10.22"]
[SourceQuality "1"]

1. d4 d5 2. Nf3 Nf6 3. c4 e6 4. g3 c6 5. Nbd2 Be7 6. Bg2 Nbd7 7. 0-0 0-0 8. Qc2 Re8 9. b3 Bf8 10. Bb2 g6 11. e4 dxe4 12. Nxe4 Nxe4 13. Qxe4 Bg7 14. Rad1 Qc7 15. Rfe1 Nb6 16. Bc1 Bd7 17. Bf4 Qd8 18. Qc2 Qf6 19. Ng5 Nc8 20. Ne4 Qf5 21. Qd2 1-0